000 01204nam a2200277 a 4500
001 BRCA_7475
005 20190320205841.0
008 230413s2012----u--ab#####---#000-0#eng-#
020 _a9780914738800
041 _aeng
044 _au
050 4 _aN6502.2
_b.C76 2012
245 1 0 _aAt the crossroads
_bthe arts of Spanish America & early global trade, 1492-1850 : papers from the 2010 Mayer Center Symposium at the Denver Art Museum
_cedited by Donna Pierce y Ronald Otsuka.
260 _aDenver
_bDenver Art Museum
_c2012
300 _a182 p.
_bil. (algunas a color), mapas
_c28 cm.
500 _aA publication of the Frederick and Jan Mayer Center for Pre-Columbian and Spanish Colonial Art at the Denver Art Museum
500 _aIncluye piezas de la colección Franz Mayer: p. 134
500 _a2do ejemplar en el Área de Investigación
504 _aIncluye referencias bibliográficas
650 1 4 _aArte colonial español
_vCongresos
_918396
650 1 4 _aComercio internacional
_vCongresos
_xHistoria
_918397
700 1 _aPierce, Donna
_d1950-
_eed.
_91488
700 1 _aOtsuka, Ronald
_eed.
_914742
711 2 _aMayer Center Symposium
_n10
_d2010
_cDenver Art Museum
_918398
942 _2lcc
_cB
999 _c7150
_d7150